000 00721nam a2200169Ia 4500
008 090711s9999 xx 000 0 und d
082 _b96
100 _aदेवकर योगिराज ह.
245 _aउद्योगसंधी शोधा म्हणजे सापडेल
260 _bकॉन्टीनेन्टल प्रकाशन
_c1997
300 _a77
600 _aदेवकर योगिराज ह.
630 _aउद्योगसंधी शोधा म्हणजे सापडेल
700 _aदेवकर योगिराज ह.
730 _aउद्योगसंधी शोधा म्हणजे सापडेल
942 _cBOOK
999 _c323556
_d323556